00805nam a2200253 i 4500001000300000100002800003245006200031260007000093300002800163504002200191650001400213655001800227015001800245020001500263040000800278041000800286080001600294920001800310942000700328008004100335999001700376856009800393952006000491bg1 aCZARCZYŃSKI, Wojciech10aPodstawy techniki mikrofalowej /cWojciech Czarczyński. aWrocław :bOficyna Wydawnicza Politechniki Wrocławskiej,c2003. a143 s. :bil. ;c24 cm. aBibliogr. Indeks. 9aMikrofale aPodręczniki aPB 18917/2003 a8370856934 cBPK0 apol a621.396(07) a83-7085-693-4 cKS s pl f |000 0 pol  c46620d46620 uhttp://koha.tu.koszalin.pl/cgi-bin/koha/opac-detail.pl?biblionumber=46620yKatalog online BPK 00104071aBPKbBPKcco76661p02271965t621.39 TtyKS